| 000 | 00488nam a2200181 a 4500 | ||
|---|---|---|---|
| 001 | 15319 | ||
| 005 | 20180713203953.0 | ||
| 008 | 140415s1994 000 0 spa d | ||
| 020 | _a0256127468 | ||
| 041 | _aspa | ||
| 082 |
_a658.8 _bMCC |
||
| 100 | 1 | _aMCCARTHY, E. JEROME | |
| 245 | 1 | 0 |
_aESSENTIALS OF MARKETING : _bA GLOBAL-MANAGERIAL APPROACH |
| 260 |
_a[s.l.] : _bIRWIN, _c1994 |
||
| 300 | _a552 | ||
| 650 | 1 | 4 | _aMERCADEO |
| 700 | 1 |
_aPERREAULT, WILLIAM D. _ecoaut. |
|
| 999 |
_c15319 _d15319 |
||